Statistics for Luka Doncic Trivia

Click here to take the quiz!

General Stats

  • This quiz has been taken 132 times
  • The average score is 6 of 11

Answer Stats

HintAnswer% Correct
What number does he currently wear on his NBA jersey?77
91%
How many times has he participated in All star games in the NBA?4
89%
What country does he come from?Slovenia
88%
What team is he currently playing for?Dallas Mavericks
84%
What is his nickname now in NBA?Luka Magic
76%
By what team was he drafted into the Nba?Atlanta Hawks
73%
Which player does Luka have a huge rivalry with?Devin Booker
66%
How many points did he give in highest scoring game he played, against the New York Knicks on 27.12.2022?60
47%
What was his nickname, when he played in Spain?El Nino Maravilla
7%
At what rank was he drafted into the NBA?3th
2%
What valuable trophy did he win in 2017 when he was just 18 years old?FIBA Eurobasket
1%

Score Distribution

Percentile by Number Answered

Percent of People with Each Score

Your Score History

You have not taken this quiz